| 000 | 00000nam##2200000za#4500 |
| 001 | 9.625458 |
| 003 | CaOODSP |
| 005 | 20200421163402 |
| 007 | ta |
| 008 | 150406|2000||||xxc||||| f|0| 0 fre|d |
| 020 | |a0-660-96416-3 |
| 040 | |aCaOODSP|bfre |
| 043 | |an-cn--- |
| 086 | 1 |aNH15-370/2000F |
| 110 | 2 |aSociété canadienne d'hypothèques et de logement. |
| 245 | 10|aAppui des organisations philanthropiques à la production de logements abordables / |cpar Manifest Communications Inc., Steve Pomeroy et François Lagarde. |
| 260 | |aOttawa - Ontario : |bSociété canadienne d'hypothèques et de logement |c2000. |
| 300 | |aix, 134p. : |bfigures, graphiques ; |c28 cm. |
| 490 | 1 |aRapport de recherche. Série sur le logement abordable et le financement de l'habitation |
| 500 | |a«Le présent rapport donne aux organismes de production de logements abordables un aperçu général des activités du secteur philanthropique ainsi que des renseignements sur la façon d'amener ce secteur à contribuer à leurs projets.»--Sommaire. |
| 504 | |aBibliographie. |
| 520 | 3 |aLe présent rapport donne aux organismes de production de logements abordables un aperçu général des activités du secteur philanthropique ainsi que des renseignements sur la façon d'amener ce secteur à contribuer à leurs projets.--Sommaire |
| 563 | |aReliure à spirale |
| 590 | |a01-02|b2001-01-12 |
| 691 | 07|aLogement|2gcpds |
| 691 | 07|aLevée de fonds|2gcpds |
| 691 | 07|aOrganisme de bienfaisance|2gcpds |
| 720 | 1 |aPomeroy, Steve |
| 720 | 1 |aLagarde, François |
| 776 | 0#|tAppui des organisations philanthropiques à la production de logements abordables / |w(CaOODSP)9.600333 |
| 830 | #0|aRapport de recherche. Série sur le logement abordable et le financement de l'habitation.|w(CaOODSP)9.513168 |